Dakshina: (Record no. 192088)

MARC details
000 -LEADER
fixed length control field 00579nam a22001817a 4500
005 - DATE AND TIME OF LATEST TRANSACTION
control field 20220912111524.0
010 ## - LCCN (DPL NO)
LC control number ENG-135018
020 ## - INTERNATIONAL STANDARD BOOK NUMBER
International Standard Book Number 97881260530954
Terms of availability 270.00
035 ## - SYSTEM CONTROL NUMBER
System control number EN-118550
037 ## - SOURCE OF ACQUISITION
Source of stock number/acquisition DBAD/PUB
082 ## - DEWEY DECIMAL CLASSIFICATION NUMBER
Classification number 880.9
245 ## - TITLE STATEMENT
Title Dakshina:
Remainder of title A Literary Digest of South Indian Languages/
Statement of responsibility, etc Edited by Sirpi Balasubramaniam
260 ## - PUBLICATION, DISTRIBUTION, ETC. (IMPRINT)
Place of publication, distribution, etc New Delhi
Name of publisher, distributor, etc Sahitya Akademi
Date of publication, distribution, etc 2017
270 ## - ADDRESS
Address Rabindra Bhavan 35, Ferozeshah Road
City New Delhi
Postal code 110001
300 ## - PHYSICAL DESCRIPTION
Extent 368p.
Dimensions 22cm(pbk)
700 ## - ADDED ENTRY--PERSONAL NAME
Personal name Balasubramaniam, Sirpi
942 ## - ADDED ENTRY ELEMENTS (KOHA)
Source of classification or shelving scheme Dewey Decimal Classification
Item type English Books
Classification part 880.9
Call number suffix DAK
Holdings
Withdrawn status Lost status Not for loan Collection code Home library Current library Date acquired Source of acquisition Cost, normal purchase price Full call number Barcode Copy number Cost, replacement price Koha item type
      Non-fiction Shahdara Branch Shahdara Branch 12/09/2022 DBAD/PUB 270.00 880.9 DAK EN-118550 1 270.00 English Books

© Delhi Public Library
Hit Counter
free hit counter